000 00380 a2200169 4500
001 49118
020 _a978 85 262 5582 1
040 _cAnchieta - Bela Vista
100 _aLabbé, Brigitte
240 1 0 _aO orgulho e a vergonha
_lpor
245 1 0 _aO orgulho e a vergonha
300 _a40
362 0 _a2004
440 1 _aScipione
650 4 _aLiteratura juvenil
942 _cBK
999 _c49118
_d49118